000 00285nam a22001337a 4500
008 170622b xxu||||| |||| 00| 0 eng d
020 _a99510210226
041 _aeng
080 _a327
100 _a21
101 _aSHP
245 _aPOLITIKA DHE DEMOKRACIA
_cKVAL
942 _2udc
_cBK
999 _c18825
_d18825